France Multiple Choice - Statistics

General Stats
  • This quiz has been taken 40,787 times
  • The average score is 10 of 15
Answer Stats
Question Answer % Correct
Does France have territory on the continent of South America? Yes
92%
Which of these countries does not border France? Austria
88%
What is the most common country of birth for French residents who were not born in France? Algeria
86%
On what day of the year do the French celebrate their national holiday? July 14th
82%
What is the approximate population of France? 68 million
76%
Which of these people was never President of France? Louis Lumière
74%
Which of these cities is not on the Mediterranean? Nantes
73%
Which one of these countries was never a French colony? Kenya
72%
What peaceful period of French history lasted from 1871 to 1914? La Belle Époque
68%
How many times has France won the men's FIFA World Cup? Twice
63%
What is the westernmost region on the French mainland? Brittany
61%
What did Louis Daguerre invent? Photography
61%
About what percentage of France's electricity comes from nuclear power? 70%
56%
Who is usually considered to be the first king of France? Clovis
46%
What is Denis Diderot best known for? Editing an important encyclopedia
41%
No matching quizzes found
Score Distribution
Percent of People with Each Score
Percentile by Number Answered
Your Score History
You have not taken this quiz